| 000 | 00796nam a22002057a 4500 | ||
|---|---|---|---|
| 005 | 20160304091105.0 | ||
| 008 | 160224b mx||||| |||| 00| 0 spa d | ||
| 020 | _a9703205739 | ||
| 050 | 0 | 4 |
_aKGF3596 _bS47 2003 |
| 100 | 1 | _aSerna de la Garza, José María | |
| 245 | 1 | 0 |
_aAutonomía universitaria y financiamiento : _bderecho de la educación y de la autonomía / _cJosé María Serna de la Garza, Gabriela Ríos Granados. |
| 250 | _a1a ed. | ||
| 260 |
_aMéxico : _bUniversidad Nacional Autónoma de México : Instituto Politécnico Nacional, _cc2003 |
||
| 300 |
_a106 p. ; _c16 cm. |
||
| 490 | 0 |
_aEnsayos Jurídicos, _v13 |
|
| 504 | _aBibliopgrafía : p. 103 - 106 | ||
| 650 | 7 |
_2Lemb _aUniversidades _xFinanzas _zMéxico |
|
| 700 | 1 |
_aRíos Granados, Gabriela, _ecoaut. |
|
| 942 |
_2lcc _cLIB |
||
| 999 |
_c113746 _d113746 |
||